| 000 | 00890nam a22003617a 4500 | ||
|---|---|---|---|
| 005 | 20250818145530.0 | ||
| 008 | 150324b2013 xxu||||| |||| 00| 0 spa d | ||
| 020 | _a9788415552475 | ||
| 041 | _aESP | ||
| 082 | _a338.5 P648m8 | ||
| 100 |
_aPindyck, Robert _98418 |
||
| 100 |
_aRubinfeld, Daniel _98419 |
||
| 245 | _aMicroeconomía | ||
| 250 | _a8 edición | ||
| 260 | _aEspaña | ||
| 260 | _bPearson | ||
| 260 | _c2013 | ||
| 300 | _a776 páginas | ||
| 490 | _aDirección y Administración de Empresas | ||
| 650 | _aMICROECONOMÍA | ||
| 650 | _aMERCADOS | ||
| 650 | _aFIJACIÓN DE PRECIOS | ||
| 650 | _aCONSUMIDORES | ||
| 650 | _aDEMANDA | ||
| 650 | _aOFERTA | ||
| 650 | _aPRODUCCIÓN | ||
| 650 | _aCOMPETITIVIDAD | ||
| 650 | _aEQUILIBRIO ECONÓMICO | ||
| 650 | _aTEORIA DE LOS JUEGOS | ||
| 650 | _aBIENES PÚBLICOS | ||
| 650 | _aPRECIOS | ||
| 942 |
_cBK _2ddc |
||
| 999 |
_c4126 _d4126 |
||